| 000 | 00655nam a2200193 a 4500 | ||
|---|---|---|---|
| 005 | 20140412111256.0 | ||
| 008 | 000824s19uu xx 00 eng d | ||
| 020 | _a1-57255-202-6 | ||
| 050 |
_aTR(PS E _bSp4 1993 |
||
| 100 | _aGraham, Bob | ||
| 245 |
_aSpirit of hope / _cBob Graham. |
||
| 260 |
_aGreenvale, New York : _bMondo Publishing, _c1996. |
||
| 300 | _a1 v. (unp.) ; ill. | ||
| 520 | _aWhen the Fairweather family almost gives up hope of findinf a place to live, the youngest child gives them idea for a great location. | ||
| 650 | _aHope-Fiction | ||
| 650 | _aMoving, Household-Fiction | ||
| 650 | _aFamily life-Fiction | ||
| 999 |
_c103242 _d103242 |
||